000 01033nam a22003137a 4500
003 CHAP
005 20220817044443.0
008 110602s1981 mx a r 00010 spa d
010 _a101386
011 _a102358
035 _a113046
040 _cCHAP
082 0 4 _a307.1412
_bS35
100 0 0 _aSalinas de Gortari, Raúl.
_9101652
245 1 3 _aLa ingeniería para la infraestructura del medio rural
_c/por Raúl Salinas de Gortari
260 _a[México] :
_bEl Autor,
_c[1981?]
300 _a69 p. :
_bilus.
590 _aBATCH-UPD
_b10
_c20130110
_lUCH01
_h0958
590 _aBATCH-UPD
_b10
_c20130410
_lUCH01
_h0610
590 _aBATCH-UPD
_b10
_c20130914
_lUCH01
_h0045
590 _aBATCH-UPD
_b10
_c20130914
_lUCH01
_h2012
590 _aCONVERSION
_b10
_c20130109
_lUCH01
_h1356
650 1 4 _aAgricultura
_xAspectos económicos.
650 1 4 _aAgricultura
_zMéxico.
_91932
650 1 4 _aDesarrollo rural.
_932067
901 _aBK
942 _cLIBRO
949 _a307.1412 S35
_bBC
_cLIBRO
_d33724002247405
_eLIBRO
_h115104
_i113046
_sb
999 _c101386
_d101386